Mass transfer : fundamentals and applications /

Guardado en:
Autor Principal: Hines, Anthony L.
Otros Autores: Maddox, Robert N. 1925-
Formato: Libro
Idioma:English
Publicado: Englewood Cliffs, N.J. : Prentice-Hall, c1985.
Series:Prentice-Hall international series in the physical and chemical engineering sciences
Materias:
Etiquetas: Agregar Etiqueta
Sin Etiquetas, Sea el primero en etiquetar este registro!
LEADER 01053pam a22002655a 4500
001 EIQ.libpla002888
008 830912s1985####njua#####b####001#0#eng#d
005 20070907172057.0
245 1 0 |a Mass transfer :  |b fundamentals and applications /  |c Anthony L. Hines, Robert N. Maddox. 
260 |a Englewood Cliffs, N.J. :  |b Prentice-Hall,  |c c1985. 
300 |a xiii, 542 p. :  |b il. ;  |c 24 cm. 
440 0 |a Prentice-Hall international series in the physical and chemical engineering sciences 
504 |a Incluye referencias bibliográficas e índices. 
020 |a 0135596092 
100 1 |a Hines, Anthony L. 
700 1 |a Maddox, Robert N.  |q (Robert Nott),  |d 1925- 
082 0 0 |a 660.2/8423  |2 19 
650 4 |a Transferencia de masa  |x Aplicaciones. 
650 4 |a Masa  |x Transferencia. 
650 4 |a Mass  |x Transfer. 
650 4 |a Mass transfer  |x Applications. 
010 |a  83019140  
040 |a DLC  |c DLC  |d AR-BbSID 
859 |a AR-BbSID  |b BIB. PLAPIQUI  |h 660.284 23  |i H 581  |p 5236  |t Ej. 1  |v Ej. 1 
859 |a AR-BbSID  |b BIB. PLAPIQUI  |h 660.284 23  |i H 581  |p 5577  |t Ej. 2  |v Ej. 2